Mesa cultural

Salvato in:
Dettagli Bibliografici
Ente Autore: Instituto de Cooperación Iberoaméricana
Natura: testo
Pubblicazione: Madrid: Huertas
Tags: Aggiungi Tag
Nessun Tag, puoi essere il primo ad aggiungerne!!

MARC

LEADER 00000 a a2200000 04500
001 25468
003
040
090 |a 152531  
110 |a Instituto de Cooperación Iberoaméricana  
245 |a Mesa cultural  
260 |a Madrid:   |b Huertas  
300 |a 516 p.   |b il.  
999 |c 5425  |d 5425